Barrington Court Developments Ltd V Barrington Court Residents Association (Record no. 73411)
[ view plain ]
| 000 -LEADER | |
|---|---|
| fixed length control field | 01607cam a2200205 4500 |
| 001 - CONTROL NUMBER | |
| control field | LT123620 |
| 008 - FIXED-LENGTH DATA ELEMENTS--GENERAL INFORMATION | |
| fixed length control field | 030916n2002 000 0 eng u |
| 035 ## - SYSTEM CONTROL NUMBER | |
| System control number | (Sirsi) u123620 |
| 245 ## - TITLE STATEMENT | |
| Title | Barrington Court Developments Ltd V Barrington Court Residents Association |
| Medium | [electronic resource] |
| 260 ## - PUBLICATION, DISTRIBUTION, ETC. | |
| Date of publication, distribution, etc. | 2002 |
| 520 ## - SUMMARY, ETC. | |
| Summary, etc. | LRX/65/2000, 21 March 2002. Respondent tenant's association X applied to the leasehold valuation tribunal (LVT) under the Landlord and Tenant Act 1985 s19 for various determinations regarding a property. On 31 October 2000 the LVT refused to make an order under the Landlord and Tenant Act 1985 s20C that the costs incurred by the applicant landlord, Barrington Court Developments Y in connection with the LVT proceedings were not to be counted as relevant costs for any service charge payable by the respondent. On 8 December 2000 the LVT refused X's permission to appeal. The LT refused X's application on 8 February 2001. Y applied to the LT for an award of its costs in responding to the unsuccessful application; estimating the total as £6509.75 plus VAT. X argued the LT did not have jurisdiction to make an order of costs. Decision, the application was allowed in part and costs of £1500 plus VAT ordered. |
| 650 ## - SUBJECT ADDED ENTRY--TOPICAL TERM | |
| Topical term or geographic name entry element | BARRINGTON COURT DEVELOPMENTS LTD V BARRINGTON COURT RESIDENTS ASSOCIATION |
| 650 ## - SUBJECT ADDED ENTRY--TOPICAL TERM | |
| Topical term or geographic name entry element | LANDS TRIBUNAL RULES 1996 |
| 650 ## - SUBJECT ADDED ENTRY--TOPICAL TERM | |
| Topical term or geographic name entry element | LANDLORD AND TENANT ACT 1985 S20C |
| 650 ## - SUBJECT ADDED ENTRY--TOPICAL TERM | |
| Topical term or geographic name entry element | SERVICE CHARGES |
| 650 ## - SUBJECT ADDED ENTRY--TOPICAL TERM | |
| Topical term or geographic name entry element | COSTS |
| 650 ## - SUBJECT ADDED ENTRY--TOPICAL TERM | |
| Topical term or geographic name entry element | JURISDICTION |
| 856 ## - ELECTRONIC LOCATION AND ACCESS | |
| Uniform Resource Identifier | <a href="https://case-law.vlex.co.uk/vid/-55339112">https://case-law.vlex.co.uk/vid/-55339112</a> |
| Public note | View decision at case-law.vlex.co.uk |
| 942 ## - ADDED ENTRY ELEMENTS (KOHA) | |
| Suppress in OPAC | 0 |
| Withdrawn status | Lost status | Source of classification or shelving scheme | Damaged status | Not for loan | Home library | Current library | Shelving location | Date acquired | Total Checkouts | Full call number | Barcode | Date last seen | Copy number | Price effective from | Koha item type |
|---|---|---|---|---|---|---|---|---|---|---|---|---|---|---|---|
| Dewey Decimal Classification | Virtual | Virtual | Online | 16/09/2003 | ONLINE PUBLICATION | 123620-2001 | 06/08/2019 | 1 | 06/08/2019 | Law report |